000 00746nam a2200241 4500
003 OSt
005 20260601193852.0
008 260422b1989 mx a|||| |||| 00| 0 spa d
040 _aICI
_bspa
_cICI
050 _aTH6703
_bB42 1985
100 1 _aBecerril L., Diego Onésimo,
245 1 _aDatos practicos de instalaciones hidraulicas y sanitarias /
_cDiego onesimo Becerril l.
250 _a7 # ed. correg. y aum.
264 _beditor no identificado],
_c1989
_a[México :
300 _a206 páginas
_c22.2 cm
336 _atexto
_2rdacontent
337 _asin medio
_2rdamedia
338 _avolumen
_2rdacarrier
650 _aPlomería
650 _aIngeniería sanitaria
_932464
650 _aTuberías
_xInstalacion
_932465
942 _2lcc
_cB
999 _c21892
_d21892